000 00619nam a2200181Ia 4500
008 090630s9999 xx 000 0 und d
082 _b9147
100 _aमहाजन जगन्नाथ.
245 _aजादूचे कबुतर.
_cमहाजन जगन्नाथ.
260 _bश्रीराम.
_c1987
300 _a32
600 _aमहाजन जगन्नाथ.
630 _aजादूचे कबुतर.
655 _aबालवाङमय.
700 _aमहाजन जगन्नाथ.
730 _aजादूचे कबुतर.
942 _cBOOK
999 _c261003
_d261003